[Event "Bethune op-B 25th"]
[Site "Bethune"]
[Date "2004.12.29"]
[Round "6"]
[White "Fersi, Sofiane"]
[Black "Durczak, Jean Claude"]
[Result "1/2-1/2"]
[WhiteElo "1330"]
[BlackElo "1570"]
[PlyCount "68"]
[EventDate "2004.12.26"]
[EventType "swiss"]
[EventRounds "7"]
[EventCountry "FRA"]
[SourceTitle "EXT 2006"]
[Source "ChessBase"]
[SourceDate "2005.11.24"]
[SourceVersion "1"]
[SourceVersionDate "2005.11.24"]
[SourceQuality "1"]

1. e4 e6 2. d4 d5 3. exd5 exd5 4. Nf3 Nf6 5. Bg5 Be7 6. Bd3 b6 7. Nc3 Bb7 8. 0-0 0-0 9. a3 Nbd7 10. Re1 h6 11. Bh4 Re8 12. Qd2 Ne4 13. Bxe7 Nxd2 14. Bxd8 Nxf3+ 15. gxf3 Raxd8 16. Nb5 Rxe1+ 17. Rxe1 Kf8 18. Nxc7 Nb8 19. Nb5 a6 20. Nc3 Nc6 21. Re3 Nxd4 22. Na4 Rd6 23. Nc3 Ne6 24. Re2 d4 25. Ne4 Rd8 26. Re1 Nf4 27. Bc4 f6 28. Bb3 d3 29. Rd1 Bxe4 30. fxe4 d2 31. f3 g5 32. Kf2 Kg7 33. Ke3 Ng2+ 34. Kf2 Nf4 1/2-1/2